| 000 | 01005nam a2200253 i 4500 | ||
|---|---|---|---|
| 001 | 190747 | ||
| 003 | ES-MaACL | ||
| 005 | 20240410104309.0 | ||
| 008 | 220525s1977 sp a 000 0 spa | ||
| 080 | _a577.112.8(043.2) | ||
| 100 | 1 |
_aCozcolluela Zamora, Carmen. _9174605 |
|
| 245 | 1 | 0 |
_aEstudio bioquímico de proteínas básicas de moluscos / _cCarmen Cozcolluela Zamora. |
| 260 |
_aBarcelona : _bUniversidad de Barcelona, [Facultad de Farmacia], _c1977. |
||
| 300 |
_a16 p. : _bil. ; _c24 cm. |
||
| 502 | _aTesis-Univ. Barcelona (Extracto) | ||
| 504 | _aBibliografía: p. 16. | ||
| 594 | _aPrecede al tít.: Universidad de Barcelona. Secretariado de Publicaciones, Intercambio Científico y Extensión Universitaria | ||
| 650 | 4 |
_aProteínas. _9147103 |
|
| 655 |
_aTesis y escritos académicos _9226867 |
||
| 710 | 2 |
_aUniversidad de Barcelona. _bFacultad de Farmacia. _97148 |
|
| 852 | 4 |
_aES-MaACL _jP-1416 (12) _9197929 _bR.68611 _cDEPO2 |
|
| 942 | _2udc | ||
| 999 |
_c190747 _d190747 |
||